[Event "London Mindsports-C"]
[Site "London"]
[Date "2023.02.17"]
[Round "4"]
[White "Sivanandan, Bodhana"]
[Black "Kumar, Soham"]
[Result "0-1"]
[WhiteElo "1725"]
[BlackElo "1850"]
[PlyCount "134"]
[EventDate "2023.02.15"]
[EventType "tourn"]
[EventRounds "9"]
[EventCountry "ENG"]
[SourceTitle "CBM 213 Extra"]
[Source "ChessBase"]
[SourceDate "2023.05.31"]
[SourceVersion "1"]
[SourceVersionDate "2023.05.31"]
[SourceQuality "1"]

1. e4 c5 2. Nc3 Nc6 3. f4 g6 4. Nf3 Bg7 5. a4 Nd4 6. Bc4 d6 7. d3 Bg4 8. Bb5+ Nxb5 9. Nxb5 a6 10. Nc3 e6 11. h3 Bxf3 12. Qxf3 Ne7 13. 0-0 0-0 14. Ne2 d5 15. Ng3 f5 16. e5 Nc6 17. Qf2 b6 18. Bd2 Re8 19. a5 Bf8 20. axb6 Qxb6 21. b3 Nd4 22. Bc3 Nb5 23. Bd2 Qc6 24. c4 Nd4 25. Rfb1 Reb8 26. Ra3 Be7 27. Ne2 dxc4 28. dxc4 Qe4 29. Nc3 Qd3 30. Rb2 Nc2 31. Raa2 Nb4 32. Ra1 Qd7 33. Be3 Nd3 34. Rd1 Rd8 35. Qf3 Rab8 36. Rbb1 Qc7 37. Bf2 Nxf2 38. Kxf2 Rxd1 39. Qxd1 Rd8 40. Qc2 Rd4 41. Ne2 Rd7 42. Rd1 Rxd1 43. Qxd1 g5 44. g3 gxf4 45. gxf4 Bh4+ 46. Ke3 Qb7 47. Qd3 Kf7 48. Kd2 Qh1 49. Qd7+ Be7 50. Qd3 Qg2 51. Qg3 Qf1 52. Ke3 Qb1 53. Kf2 Qc2 54. Qc3 Bh4+ 55. Ke3 Qd1 56. Qd3 Bf2+ 57. Kxf2 Qxd3 58. h4 Qxb3 59. Ng3 a5 60. h5 a4 61. Ne2 a3 62. Ng3 a2 63. Ne2 a1Q 64. Ng3 Qaa2+ 65. Ne2 Qd3 66. Kg2 Qaxe2+ 67. Kg1 Qdd1# 0-1

[Event "Hastings Masters op"]
[Site "Hastings"]
[Date "2023.01.03"]
[Round "7"]
[White "Kumar, Soham"]
[Black "Nissinen, Niilo Man"]
[Result "0-1"]
[WhiteElo "1844"]
[BlackElo "1996"]
[PlyCount "70"]
[EventDate "2022.12.28"]
[EventType "swiss"]
[EventRounds "10"]
[EventCountry "ENG"]
[SourceTitle "CBM 212 Extra"]
[Source "ChessBase"]
[SourceDate "2023.03.31"]
[SourceVersion "1"]
[SourceVersionDate "2023.03.31"]
[SourceQuality "1"]

1. e4 c5 2. Nf3 Nc6 3. Bb5 Nf6 4. e5 Nd5 5. 0-0 g6 6. c3 Bg7 7. d4 cxd4 8. cxd4 0-0 9. Nc3 Nc7 10. Bd3 d6 11. Be4 dxe5 12. Bxc6 exd4 13. Nb5 bxc6 14. Nbxd4 Bb7 15. Qb3 c5 16. Qxb7 cxd4 17. Bf4 Ne6 18. Bg3 Nc5 19. Qb5 Qb6 20. Qxb6 axb6 21. Bc7 Nd7 22. Rfe1 Rfc8 23. Bg3 e5 24. a3 f6 25. h4 Rc2 26. b4 b5 27. Rec1 Rxa3 28. Rxa3 Rxc1+ 29. Kh2 Rb1 30. Ra8+ Nf8 31. h5 g5 32. Rd8 Rxb4 33. Nd2 f5 34. f3 Rb2 35. Nf1 f4 0-1

[Event "Hastings Masters op"]
[Site "Hastings"]
[Date "2023.01.02"]
[Round "6"]
[White "White, Stuart A"]
[Black "Kumar, Soham"]
[Result "1/2-1/2"]
[WhiteElo "2021"]
[BlackElo "1844"]
[PlyCount "84"]
[EventDate "2022.12.28"]
[EventType "swiss"]
[EventRounds "10"]
[EventCountry "ENG"]
[SourceTitle "CBM 212 Extra"]
[Source "ChessBase"]
[SourceDate "2023.03.31"]
[SourceVersion "1"]
[SourceVersionDate "2023.03.31"]
[SourceQuality "1"]

1. d4 Nf6 2. c4 c5 3. d5 b5 4. cxb5 a6 5. bxa6 Bxa6 6. Nc3 d6 7. e4 Bxf1 8. Kxf1 g6 9. g3 Nbd7 10. Nf3 Bg7 11. Kg2 0-0 12. a4 Qb6 13. Qe2 Rfc8 14. Nb5 c4 15. Be3 Qa6 16. Bd4 e5 17. dxe6 fxe6 18. e5 dxe5 19. Nxe5 Nxe5 20. Bxe5 Qc6+ 21. f3 Rf8 22. Bc3 Kh8 23. Rhd1 e5 24. Rd6 Qb7 25. Qxc4 e4 26. fxe4 Nxe4 27. Bxg7+ Kxg7 28. Qd4+ Kh6 29. Rd7 Qc6 30. Kg1 Rxa4 31. Qxa4 Qxd7 32. Qxe4 Qxb5 33. Qe3+ g5 34. h4 Rf6 35. Qxg5+ Qxg5 36. hxg5+ Kxg5 37. Kg2 Rb6 38. Ra5+ Kg6 39. Ra2 h5 40. Kh3 Rb3 41. Ra6+ Kg5 42. Ra5+ Kg6 1/2-1/2

[Event "Berks & Bucks op"]
[Site "Maidenhead"]
[Date "2022.08.27"]
[Round "1"]
[White "Kumar, Soham"]
[Black "Rogers, Timothy"]
[Result "1-0"]
[WhiteElo "1831"]
[BlackElo "1985"]
[PlyCount "65"]
[EventDate "2022.08.27"]
[EventType "swiss"]
[EventRounds "6"]
[EventCountry "ENG"]
[SourceTitle "CBM 210 Extra"]
[Source "ChessBase"]
[SourceDate "2022.11.30"]
[SourceVersion "1"]
[SourceVersionDate "2022.11.30"]
[SourceQuality "1"]

1. e4 d6 2. d4 Nf6 3. Bd3 e5 4. d5 Be7 5. h3 c6 6. c4 Nbd7 7. Nf3 cxd5 8. cxd5 Nc5 9. Nc3 Nxd3+ 10. Qxd3 0-0 11. 0-0 a6 12. a4 b6 13. Be3 Ne8 14. Nd2 f5 15. f3 f4 16. Bf2 Bh4 17. Nc4 Rb8 18. Qe2 b5 19. axb5 axb5 20. Na5 Bxh3 21. Nc6 Qg5 22. Bxh4 Qxh4 23. gxh3 Rf6 24. Rf2 Rb7 25. Ra8 Kf8 26. Nd8 Re7 27. Ne6+ Kf7 28. Rg2 Rg6 29. Rxg6 Kxg6 30. Qg2+ Kh6 31. Nxb5 Nf6 32. Nxd6 Nh5 33. Nf5# 1-0

[Event "EU-chT U12"]
[Site "Thessaloniki"]
[Date "2022.07.18"]
[Round "7.1"]
[White "Kumar, Soham"]
[Black "Negrean, Andrei"]
[Result "1/2-1/2"]
[WhiteElo "1762"]
[BlackElo "1976"]
[PlyCount "86"]
[EventDate "2022.07.12"]
[EventType "team-swiss"]
[EventRounds "7"]
[EventCountry "GRE"]
[SourceTitle "EXT 2023"]
[Source "ChessBase"]
[SourceDate "2022.10.05"]
[SourceVersion "1"]
[SourceVersionDate "2022.10.05"]
[SourceQuality "1"]
[WhiteTeam "England U12"]
[BlackTeam "Romania U12"]
[WhiteTeamCountry "ENG"]
[BlackTeamCountry "ROU"]

1. e4 c5 2. Nf3 d6 3. d4 cxd4 4. Nxd4 Nf6 5. Nc3 Nc6 6. Be3 Ng4 7. Bc4 Nxe3 8. fxe3 Ne5 9. Bb3 e6 10. 0-0 Be7 11. Nf3 Ng6 12. Qd4 0-0 13. Rad1 Qa5 14. Nd2 Ne5 15. Nc4 Nxc4 16. Bxc4 a6 17. Rf3 b5 18. Bb3 b4 19. Ne2 Bf6 20. Qd3 Be5 21. Rdf1 Bd7 22. Nd4 Qb6 23. Kh1 a5 24. Bc4 Rac8 25. b3 Qc5 26. Ne2 Rc7 27. Nf4 Rcc8 28. Qe2 Bxf4 29. Rxf4 Qg5 30. Qf3 Qe7 31. Qg3 Rc5 32. h4 Re5 33. Rg4 g6 34. Kg1 Bc6 35. Bd3 h5 36. Rgf4 Kg7 37. Kh1 Bb7 38. Qf2 Bc6 39. Kh2 Ba8 40. g3 Bc6 41. Kg1 Qb7 42. Ba6 Qe7 43. Bd3 Bb7 1/2-1/2

[Event "Hammersmith CC op"]
[Site "London"]
[Date "2022.06.04"]
[Round "3"]
[White "Kumar, Soham"]
[Black "Healey, Michael W"]
[Result "1/2-1/2"]
[WhiteElo "1983"]
[BlackElo "2286"]
[PlyCount "67"]
[EventDate "2022.06.04"]
[EventType "swiss"]
[EventRounds "6"]
[EventCountry "ENG"]
[SourceTitle "CBM 208 Extra"]
[Source "ChessBase"]
[SourceDate "2022.07.31"]
[SourceVersion "1"]
[SourceVersionDate "2022.07.31"]
[SourceQuality "1"]

1. e4 e5 2. Nf3 Nc6 3. Bb5 a6 4. Ba4 Nf6 5. 0-0 Be7 6. Re1 b5 7. Bb3 d6 8. c3 0-0 9. h3 Na5 10. Bc2 c5 11. d4 Nd7 12. Nbd2 Bf6 13. Nb3 Nc4 14. dxc5 dxc5 15. Qd5 Ncb6 16. Qd1 Qe7 17. Be3 Bb7 18. Na5 Rab8 19. Nxb7 Rxb7 20. b3 Rd8 21. Qe2 Nf8 22. a4 Nbd7 23. axb5 axb5 24. Ra5 Rdb8 25. Bd3 b4 26. cxb4 Rxb4 27. Bc4 Ne6 28. Rc1 h6 29. Ne1 Bg5 30. Nd3 R4b7 31. Bxe6 Bxe3 32. Qxe3 Qxe6 33. Nxc5 Nxc5 34. Raxc5 1/2-1/2

[Event "ENG-ch Chessable"]
[Site "Kenilworth"]
[Date "2022.05.19"]
[Round "2"]
[White "Kumar, Soham"]
[Black "Wells, Daniel J"]
[Result "1/2-1/2"]
[WhiteElo "1678"]
[BlackElo "2020"]
[PlyCount "69"]
[EventDate "2022.05.19"]
[EventType "swiss"]
[EventRounds "7"]
[EventCountry "ENG"]
[SourceTitle "CBM 208 Extra"]
[Source "ChessBase"]
[SourceDate "2022.07.31"]
[SourceVersion "1"]
[SourceVersionDate "2022.07.31"]
[SourceQuality "1"]

1. e4 c5 2. Nf3 Nc6 3. Nc3 g6 4. Bc4 Bg7 5. 0-0 e6 6. Re1 d6 7. d3 Nge7 8. a3 0-0 9. Rb1 a6 10. Bd2 b5 11. Ba2 d5 12. Qc1 Nd4 13. Nxd4 cxd4 14. Ne2 dxe4 15. dxe4 Bb7 16. Ng3 Rc8 17. Qd1 Qc7 18. Rc1 Rfd8 19. Qf3 Nc6 20. Bf4 Ne5 21. Bxe5 Qxe5 22. Qd3 a5 23. Qd2 Qc7 24. Qg5 Be5 25. Rcd1 Qc5 26. b4 axb4 27. axb4 Qd6 28. Qd2 Bf4 29. Qe2 Qxb4 30. Rb1 Qd6 31. Qxb5 Rxc2 32. Qxb7 Rxa2 33. Rb6 Rb8 34. Rxd6 Rxb7 35. Rxd4 1/2-1/2

[Event "London Mill Hill op U2400"]
[Site "London"]
[Date "2022.03.27"]
[Round "5"]
[White "Kumar, Soham"]
[Black "Fryer, David William"]
[Result "1-0"]
[WhiteElo "1642"]
[BlackElo "1929"]
[PlyCount "77"]
[EventDate "2022.03.26"]
[EventType "swiss"]
[EventRounds "5"]
[EventCountry "ENG"]
[SourceTitle "EXT 2024"]
[Source "ChessBase"]
[SourceDate "2023.10.10"]
[SourceVersion "1"]
[SourceVersionDate "2023.10.10"]
[SourceQuality "1"]

1. e4 d6 2. d4 Nf6 3. Nc3 e5 4. Nf3 Nbd7 5. h3 Be7 6. Be3 c6 7. a4 a5 8. Bc4 Nb6 9. Bb3 Nfd7 10. 0-0 0-0 11. Qe2 exd4 12. Nxd4 Nc5 13. Rad1 Qc7 14. f4 Nxb3 15. cxb3 Re8 16. f5 Nd7 17. Qc2 Qb8 18. Nce2 Bf8 19. Bg5 Ne5 20. h4 b5 21. h5 bxa4 22. bxa4 Ba6 23. Qc3 d5 24. h6 dxe4 25. hxg7 Bd6 26. f6 Bxe2 27. Nf5 Ng4 28. Qh3 Re5 29. Qxg4 Rxf5 30. Qxf5 Bxf1 31. Kxf1 Qb4 32. Qd7 Qc4+ 33. Kg1 Qc5+ 34. Kh1 Qxg5 35. Qxd6 h6 36. Qf8+ Rxf8 37. gxf8Q+ Kh7 38. Qxf7+ Kh8 39. Rd8+ 1-0

[Event "London Mill Hill op U2400"]
[Site "London"]
[Date "2022.03.27"]
[Round "4"]
[White "Pranava, Ravikumar"]
[Black "Kumar, Soham"]
[Result "1-0"]
[WhiteElo "1601"]
[BlackElo "1642"]
[PlyCount "89"]
[EventDate "2022.03.26"]
[EventType "swiss"]
[EventRounds "5"]
[EventCountry "ENG"]
[SourceTitle "EXT 2024"]
[Source "ChessBase"]
[SourceDate "2023.10.10"]
[SourceVersion "1"]
[SourceVersionDate "2023.10.10"]
[SourceQuality "1"]

1. d4 Nf6 2. Bg5 d5 3. e3 e6 4. Nf3 Nbd7 5. c4 Bd6 6. Nc3 c6 7. Qc2 h6 8. Bh4 b6 9. Be2 Bb7 10. 0-0 Rc8 11. Rfd1 0-0 12. e4 dxe4 13. Nxe4 Be7 14. Nc3 Qc7 15. Bg3 Bd6 16. b4 Bxg3 17. hxg3 e5 18. a3 a6 19. dxe5 Nxe5 20. c5 Neg4 21. Nd4 bxc5 22. bxc5 Qe5 23. Qf5 Rfe8 24. Bxg4 Nxg4 25. Qxg4 Rcd8 26. Nde2 Qxc5 27. Qb4 Qa7 28. Rxd8 Rxd8 29. Qe7 Rb8 30. Rd1 Qb6 31. Rb1 Qa7 32. Qc7 Qa8 33. Na4 c5 34. Rb6 c4 35. Nec3 Re8 36. Rxb7 Re1+ 37. Kh2 Qe8 38. Rb8 Rh1+ 39. Kxh1 a5 40. Rxe8+ Kh7 41. Re7 h5 42. Rxf7 h4 43. Qe5 Kh6 44. Qxg7+ Kh5 45. g4# 1-0

[Event "London Mill Hill op U2400"]
[Site "London"]
[Date "2022.03.26"]
[Round "3"]
[White "Kumar, Soham"]
[Black "Ward, Cian"]
[Result "1-0"]
[WhiteElo "1642"]
[BlackElo "1364"]
[PlyCount "127"]
[EventDate "2022.03.26"]
[EventType "swiss"]
[EventRounds "5"]
[EventCountry "ENG"]
[SourceTitle "EXT 2024"]
[Source "ChessBase"]
[SourceDate "2023.10.10"]
[SourceVersion "1"]
[SourceVersionDate "2023.10.10"]
[SourceQuality "1"]

1. e4 e5 2. Nf3 Nc6 3. Bb5 a6 4. Ba4 Nf6 5. 0-0 b5 6. Bb3 Bc5 7. Re1 d6 8. c3 Bg4 9. h3 Bxf3 10. Qxf3 h6 11. d3 0-0 12. Be3 Ba7 13. Nd2 b4 14. Rad1 a5 15. Nc4 bxc3 16. bxc3 Bxe3 17. Nxe3 Ne7 18. d4 Ng6 19. Nc4 Qe7 20. Ne3 Nh4 21. Qe2 exd4 22. Rxd4 Ng6 23. Nf5 Qe5 24. g3 Ne7 25. f4 Qc5 26. Nxe7+ Kh8 27. Nf5 a4 28. Bc4 Rae8 29. Qe3 Nxe4 30. Qd3 Qxf5 31. Rdxe4 Rxe4 32. Qxe4 Qxh3 33. Re3 f5 34. Qf3 Rb8 35. Qg2 Rb1+ 36. Kf2 Rb2+ 37. Re2 Qxg2+ 38. Kxg2 Rxe2+ 39. Bxe2 g5 40. fxg5 hxg5 41. Bd3 f4 42. gxf4 gxf4 43. Kf3 Kg7 44. Kxf4 Kf6 45. Ke4 Ke6 46. a3 c6 47. Bc2 d5+ 48. Kd3 Kd6 49. Bxa4 Kc5 50. Bb3 Kd6 51. a4 c5 52. a5 c4+ 53. Bxc4 dxc4+ 54. Kxc4 Kc6 55. Kb4 Kc7 56. c4 Kc6 57. c5 Kc7 58. Kb5 Kb7 59. c6+ Ka7 60. Kc5 Kb8 61. Kd6 Kc8 62. c7 Kb7 63. Kd7 Ka7 64. a6 1-0